000 00867nam a2200277 4500
999 _c129671
_d129671
001 1256888
003 ARRUPE
005 20190603111037.0
008 731130s1973 enk b 001 0 eng
010 _a 73176564
015 _aGB***
020 _a0333138414
_a0333138422 (pbk.)
040 _aDLC
_cDLC
_dDLC
050 0 0 _aPR3562
_b.F585
082 0 0 _a821/.4
100 _aFlannagan, Roy C.
_946575
245 0 0 _aMilton: Paradise Lost;
_cRoy C. Flannagan
250 _aNew edition
260 _aNebraska
_bCliffs Notes Incorporated
_c1970
300 _a83 p. ;
_c21 cm.
350 _a£2.25
504 _aBibliography: p. [243]-245.
600 1 0 _aMilton, John,
_d1608-1674.
_tParadise lost.
_937541
906 _a7
_bcbc
_corignew
_d3
_encip
_f19
_gy-gencatlg
942 _2lcc
_cMONOGRAPH